01251cam a22003257a 4500003000500000005001700005008004100022010001000063011001000073035001000083040000900093082002200102111009000124245005400214260007300268300001100341590004100352590004100393590004100434590004200475650003800517650002800555901000700583905002600590942001000616949007300626949006700699999001700766952014200783CHAP20220329134605.0971013s1994 mx r 10110 spa d a22674 a23646 a27743 cCHAP a634.956bR44 199400aReunión Nacional de Plantaciones Forestales (n4d: 1994c: México, D. F.)99651410aPlantacionesb: producir para conservar : memoria aMéxico, D.F. :bSubsecretaria Forestal y de Fauna Silvestre,c1994 a548 p. aBATCH-UPDb10c20130110lUCH01h1820 aBATCH-UPDb10c20130410lUCH01h1154 aBATCH-UPDb10c20130914lUCH01h1917 aCONVERSIONb10c20130109lUCH01h131314aPlantación de árboles.98878214aReforestación.995474 aBK aAlejandra Carrasco M. cLIBRO a634.956 R44 1994bBCcCONGd33724000614574eCONGh87099i27743mDsi a634.956 R44 1994bCIESTAMcLIBROd277431eLIBROh145i27743sb c22674d22674 00102ddc4051708CONGaBCbBCcPA_CONGd2019-12-31fLIBROl0o634.956 R44 1994p33724000614574r2019-12-31 00:00:00w2019-12-31yLIBRO